Correlation spectroscopy of surfaces, thin films, and nanostructures /

Bibliographic Details
Other Authors: Berakdar, J., 1964-, Kirschner, J. (Jürgen), 1945-
Format: Book
Language:English
Published: Weinheim : Chichester : Wiley-VCH ; John Wiley, 2004.
Subjects:

MARC

Tag First Indicator Second Indicator Subfields
LEADER 00000cam a22000008a 4500
001 in00002005921
005 20151031124142.0
008 040413s2004 gw a b 001 0 eng
015 |a GBA4-X6650 
016 7 |a 969301510  |2 GyFmDB 
020 |a 3527404775 :  |c £105.00 
035 |a (OCoLC)ocm56442891 
040 |a UKM  |c UKM  |d OHX  |d IXA  |d TXA  |d UtOrBLW 
049 |a TXAM 
072 7 |a QC  |2 lcco 
082 0 4 |a 535.84  |2 22 
090 |a QC173.4.S94  |b C677 2004 
245 0 0 |a Correlation spectroscopy of surfaces, thin films, and nanostructures /  |c edited by Jamal Berakdar, Jürgen Kirschner. 
263 |a 200406 
264 1 |a Weinheim :  |b Wiley-VCH ;  |a Chichester :  |b John Wiley,  |c 2004. 
300 |a xvii, 238 pages :  |b illustrations (some color) ;  |c 25 cm. 
336 |a text  |b txt  |2 rdacontent 
337 |a unmediated  |b n  |2 rdamedia 
338 |a volume  |b nc  |2 rdacarrier 
504 |a Includes bibliographical references and index. 
650 0 |a Surfaces (Physics) 
650 0 |a Nanostructures. 
650 0 |a Thin films. 
650 0 |a Spectrum analysis. 
700 1 |a Berakdar, J.,  |d 1964- 
700 1 |a Kirschner, J.  |q (Jürgen),  |d 1945- 
938 |a Otto Harrassowitz  |b HARR  |n har030140620  |c 139.00 EUR 
948 |a cataloged  |b h  |c 2004/10/20  |d c  |e rdavis  |f 8:01:21 am 
994 |a E0  |b TXA 
999 |a MARS 
999 f f |s 56044784-249e-38d6-95d5-409212f040d5  |i 8666a7f4-bf9e-351b-87af-d5ee16daa59d  |t 0 
952 f f |p normal  |a Texas A&M University  |b College Station  |c Sterling C. Evans Library  |d Evans: Library Stacks  |t 0  |e QC173.4.S94 C677 2004  |h Library of Congress classification  |i unmediated -- volume  |m A14832275824 
998 f f |a QC173.4.S94 C677 2004  |t 0  |l Evans: Library Stacks